000 00887nam a2200205 a 4500
001 000030915
005 20250924073803.0
008 110606s1986 dr 000 0 spa d
040 _aDO-SdBNP
_bspa
_cBNPHU
111 1 _aConferencia dictada por el Dr. Fenando Sánchez Martínez, rector de la Universidad Autónoma de Santo Domingo a oficiales de la la policia nacional
_d(1986:
_cSanto Domingo
_n9 de octubre )
_957432
245 1 0 _aDiscursos.
260 _aSanto Domingo :
_bUniversidad Autónoma de Santo Domingo,
_c[1986].
300 _a17 p. ;
_c22 cm.
490 1 _aPublicaciones de la Universidad Autónoma de Santo Domingo
_v549
490 1 _aDiscursos
_vno. 12
500 _aIncluye referencias bibliográficas y notas al pie de las páginas
830 0 _aDiscursos
_n12
_957433
830 _aPublicaciones de la Universidad Autónoma de Santo Domingo
_v546
_952
049 _aBNPD
999 _c30407
_d30407